Riconosci il Pokémon - Quiz n°907 - Statistics

Statistiche generali
  • Questo quiz è stato fatto 2 volte
  • Il punteggio medio è 7 su 10
Statistiche sulle risposte
Indizio Risposta % Corretto
Abilità Corpochiaro; Vigore
100%
Stadio evoluzione Non si evolve
100%
Tipo Roccia / Folletto
100%
Generazione Sesta
100%
Altezza 0,3 m
50%
Peso 5,7 kg
50%
Tasso di cattura 60 (14.8%)
50%
Pokémon Carbink
50%
Tasso di allevamento Lento
50%
Sesso Sconosciuto
50%
Nessun quiz corrispondente trovato
Distribuzione punteggi
Percentuale di utenti per punteggio
Percentile per numero di risposta
I tuoi punteggi nel tempo
Non hai fatto questo quiz